Not One Quiz Stats

 Plays Quiz Updated Mar 8, 2018

Also try: Not the Obvious
Challenge
Share
Tweet
Embed
Score 0/40 Timer 03:00
5 Plays Today
Not One of the... Answer % Correct
????
100%
????
99.7%
????
99.5%
????
99.3%
????
99.2%
????
99%
????
98.9%
????
98.8%
????
98.7%
????
98.5%
????
98.2%
????
97.8%
????
97.6%
????
97.2%
????
96.7%
????
96%
????
95.2%
????
94.7%
????
93.8%
????
92.6%
Not One of the... Answer % Correct
????
90.6%
????
87.6%
????
84.8%
????
82.1%
????
80.1%
????
77.2%
????
71.5%
????
67.4%
????
64.4%
????
60.5%
????
55.9%
????
49.4%
????
45.6%
????
43.2%
????
39.6%
????
36.3%
????
34.2%
????
31.7%
????
29.3%
????
26.9%

You're not logged in!

Compare scores with friends on all Sporcle quizzes.
Join for Free
OR
Log In

You Might Also Like...

Show Comments

Extras

Top Quizzes Today


Score Distribution

Your Account Isn't Verified!

In order to create a playlist on Sporcle, you need to verify the email address you used during registration. Go to your Sporcle Settings to finish the process.

Report this User

Report this user for behavior that violates our Community Guidelines.

Details: